| 000 | 00888nam a2200325Ia 4500 | ||
|---|---|---|---|
| 003 | OSt | ||
| 005 | 20221006145718.0 | ||
| 006 | a|||||r|||| 00| 0 | ||
| 007 | ta | ||
| 008 | 221006b |||||||| |||| 00| 0 eng d | ||
| 020 |
_a0701132701 _c628.00 |
||
| 020 | _a9780701132705 | ||
| 024 | _a15,729 | ||
| 037 | _cTextual | ||
| 040 |
_aEASL _cEASL _beng |
||
| 041 |
_2eng _aeng |
||
| 082 | _aV41.N85, M7 | ||
| 100 | _aFAIRBANK John King | ||
| 245 | 0 |
_aGraeat Chinese revolution _b 1800-1985 |
|
| 260 |
_aLondon _bChatto & Windus _c1987 |
||
| 300 |
_a396p. _ccm. |
||
| 490 | _v RS | ||
| 650 | _a CEL | ||
| 650 |
_a Great Leap Forward _9650391 |
||
| 650 |
_a Great Proletarian Cultural Revolution - of Mao _9655054 |
||
| 650 |
_a KMT _9645059 |
||
| 650 | _aChina - History | ||
| 942 |
_hV41.N85, M7 _cTEXL _2CC |
||
| 999 |
_c1083815 _d1083815 |
||